000 00883nam a2200217 i 4500
001 161267
003 ES-MaACL
005 20240521095809.0
008 931025s1882 sp |||| | spa d
100 1 _aPalacio Valdés, Armando,
_d1853-1938
_988382
245 1 3 _aLa literatura en 1881 /
_cpor Armando Palacio Valdés y Leopoldo Alas (Clarín).
260 _aMadrid :
_bAlfredo de Carlos Hierro,
_c1882 (
_fSucs. de Rivadeneyra)
300 _aVIII, 202 p. ;
_c20 cm.
530 _aDisponible en formato digital.
650 4 _aLiteratura española-
_yS.XIX-
_xHistoria y crítica.
_914568
700 1 _aAlas, Leopoldo,
_d1852-1901
_9226375
852 _aES-MaACL
_jB-2591
_xEncuadernacón pasta española
856 _uhttp://bdh-rd.bne.es/viewer.vm?id=0000248334&page=1
_yVersión en línea
_zBiblioteca Digital Hispánica
942 _2udc
999 _c161267
_d161267